000 00280nam a22001337a 4500
008 180904b xxu||||| |||| 00| 0 eng d
020 _a9780977222612
041 _aeng
080 _a611
100 _a4
101 _aSHM
245 _aACP Medicine
_cDale, D.C
942 _2udc
_cBK
999 _c47499
_d47499